Statistiques concernant Les pays ayant remportés l'euro sur une carte

Cliquez ici pour prendre le quiz!

Statistiques générales

  • Ce quiz a été pris 184 fois
  • Le résultat moyen est 8 sur 10

Réponses sur la Carte

Les réponses sont colorées sur une échelle allant du rouge au vert en fonction du pourcentage des utilisateurs qui les ont devinées à leur premier essai. Vous pouvez retrouver ces pourcentages ci-dessous.
 

Statistiques - réponses

Réponse% Correct
-France
100%
-Italie
96%
1972Allemagne
94%
1964Espagne
94%
-Portugal
94%
-Grece
80%
-Pays-bas
72%
-Danemark
67%
-URSS
49%
-Tchéquoslovaquie
9%

Distribution des résultats

Percentile par nombre de réponses

% des personnes avec chaque résultat

Votre développement - résultats

Vous n’avez pas pris ce quiz